Catálogo público

Control del déficit de presión de vapor (DPVc) en cultivos de invernadero con sistemas de nebulización/ (Record no. 217661)

MARC details
000 -CABECERA
campo de control de longitud fija 01243nam a22002897a 4500
003 - IDENTIFICADOR DEL NÚMERO DE CONTROL
campo de control OSt
005 - FECHA Y HORA DE LA ÚLTIMA TRANSACCIÓN
campo de control 20221020131724.0
007 - CAMPO FIJO DE DESCRIPCIÓN FÍSICA--INFORMACIÓN GENERAL
campo de control de longitud fija cr ||||||a|c|a
008 - DATOS DE LONGITUD FIJA--INFORMACIÓN GENERAL
campo de control de longitud fija 221020s mx a|||fom||| 001 0 spa d
040 ## - FUENTE DE LA CATALOGACIÓN
Normas de descripción rda
100 1# - ENTRADA PRINCIPAL--NOMBRE DE PERSONA
9 (RLIN) 126017
Nombre de persona Gutiérrez Hernández, José Orbelin
245 1# - MENCIÓN DE TÍTULO
Título Control del déficit de presión de vapor (DPVc) en cultivos de invernadero con sistemas de nebulización/
Mención de responsabilidad, etc. por José Orbelin Gutiérrez Hernández.
264 ## - PRODUCCIÓN, PUBLICACIÓN, DISTRIBUCIÓN, FABRICACIÓN Y COPYRIGHT
Producción, publicación, distribución, fabricación y copyright Chapingo, México :
Nombre del de productor, editor, distribuidor, fabricante El autor,
300 ## - DESCRIPCIÓN FÍSICA
Extensión 1 recurso en línea ( 115 páginas).
Otras características físicas cuadros, figuras
336 ## - TIPO DE CONTENIDO
Fuente rdacontent
Término de tipo de contenido texto
Código de tipo de contenido txt
337 ## - TIPO DE MEDIO
Fuente rdamedia
Nombre/término del tipo de medio computadora
Código del tipo de medio c
338 ## - TIPO DE SOPORTE
Fuente rdacarrier
Nombre/término del tipo de soporte recurso en línea
Código del tipo de soporte cr
502 ## - NOTA DE TESIS
Tipo de título Doctorado en Ingeniería Agrícola y Uso Integral del Agua
Nombre de la institución que otorga el título Departamento de Irrigación y Departamento de Ingeniería Mecánica Agrícola,
Año de obtención del título 2020
Información miscelánea Doctorado
504 ## - NOTA DE BIBLIOGRAFÍA, ETC.
Nota de bibliografía, etc. Incluye referencias bibliográficas: páginas
650 #2 - PUNTO DE ACCESO ADICIONAL DE MATERIA--TÉRMINO DE MATERIA
9 (RLIN) 126353
Término de materia o nombre geográfico como elemento de entrada Invernaderos
Subdivisión general Ventilación
650 #7 - PUNTO DE ACCESO ADICIONAL DE MATERIA--TÉRMINO DE MATERIA
9 (RLIN) 117902
Término de materia o nombre geográfico como elemento de entrada Vapor
Subdivisión general Efecto en plantas
650 #2 - PUNTO DE ACCESO ADICIONAL DE MATERIA--TÉRMINO DE MATERIA
9 (RLIN) 131767
Término de materia o nombre geográfico como elemento de entrada Cultivos en invernadero
Subdivisión general Vapor
-- Medición
650 #2 - PUNTO DE ACCESO ADICIONAL DE MATERIA--TÉRMINO DE MATERIA
9 (RLIN) 129511
Término de materia o nombre geográfico como elemento de entrada Tomate
Subdivisión general Control ambiental
700 0# - PUNTO DE ACCESO ADICIONAL--NOMBRE DE PERSONA
9 (RLIN) 41189
Nombre de persona Fitz Rodríguez, Efrén
Término indicativo de función/relación Director de Tesis.
856 ## - LOCALIZACIÓN Y ACCESO ELECTRÓNICOS
Identificador Uniforme del Recurso http://10.13.5.2/tesis/td/2020_IM_Gutierrez_Hernandez_JoseOrbelin.pdf
Nota pública DESCARGAR PDF
942 ## - ELEMENTOS DE PUNTO DE ACCESO ADICIONAL (KOHA)
Fuente del sistema de clasificación o colocación Clasificación Universidad Autónoma Chapingo
Holdings
Estado de retiro Estado de pérdida Fuente del sistema de clasificación o colocación Estado dañado Restricciones de uso No para préstamo Código de colección Localización permanente Ubicación/localización actual Ubicación en estantería Fecha de adquisición Total de préstamos Signatura topográfica completa Fecha visto por última vez Precio válido a partir de Tipo de ítem Koha
    Clasificación Universidad Autónoma de Chapingo   Préstamo interno   Tesis digitales de Doctorado Biblioteca Digital Biblioteca Digital En línea 26/01/2023   Tesis digital 26/01/2023 26/01/2023 Tesis digital